Normal view MARC view

Entry Personal Name

Number of records used in: 13

001 - CONTROL NUMBER

  • control field: 13414

003 - CONTROL NUMBER IDENTIFIER

  • control field: dpl

005 - DATE AND TIME OF LATEST TRANSACTION

  • control field: 20100814143805.0

008 - FIXED-LENGTH DATA ELEMENTS

  • fixed length control field: 100814|||a|||||| | ||| d

040 ## - CATALOGING SOURCE

  • Original cataloging agency: dpl
  • Transcribing agency: dpl

100 ## - HEADING--PERSONAL NAME

  • Personal name: Prabha, Prachya

670 ## - SOURCE DATA FOUND

  • Source citation: Work cat.: (dpl): Vijay Kumar Singh 13411, Value and human right education /, 2009

670 ## - SOURCE DATA FOUND

  • Source citation: Work cat.: (dpl): Vijay Kumar Singh 13411, Value and human right education /, 2009

© Delhi Public Library
Hit Counter
free hit counter